<?xml version="1.0" encoding="UTF-8"?>
<record
    xmlns:xsi="http://www.w3.org/2001/XMLSchema-instance"
    xsi:schemaLocation="http://www.loc.gov/MARC21/slim http://www.loc.gov/standards/marcxml/schema/MARC21slim.xsd"
    xmlns="http://www.loc.gov/MARC21/slim">

  <leader>02588nam a22002657a 4500</leader>
  <controlfield tag="001">114119</controlfield>
  <controlfield tag="003">DR-UNIBE</controlfield>
  <controlfield tag="005">20251002101533.0</controlfield>
  <controlfield tag="008">251001b2023    sp ||||| |||| 00| 0 spa d</controlfield>
  <datafield tag="020" ind1=" " ind2=" ">
    <subfield code="a">9788411972383</subfield>
  </datafield>
  <datafield tag="040" ind1=" " ind2=" ">
    <subfield code="a">BIBLIOTECA UNIBE</subfield>
    <subfield code="c">BIBLIOTECA UNIBE</subfield>
    <subfield code="e">rda</subfield>
  </datafield>
  <datafield tag="041" ind1=" " ind2=" ">
    <subfield code="a">spa</subfield>
  </datafield>
  <datafield tag="082" ind1=" " ind2=" ">
    <subfield code="a">341.6 J96L 2023</subfield>
  </datafield>
  <datafield tag="100" ind1=" " ind2=" ">
    <subfield code="a">Juste Ru&#xED;z, Jos&#xE9;</subfield>
    <subfield code="e">autor</subfield>
    <subfield code="9">108509</subfield>
  </datafield>
  <datafield tag="245" ind1="1" ind2="0">
    <subfield code="a">Lecciones de derecho internacional p&#xFA;blico  /</subfield>
    <subfield code="c">Jos&#xE9; Juste Ruiz, Mireya Castillo Daud&#xED;, Valent&#xED;n Bou Franch</subfield>
  </datafield>
  <datafield tag="250" ind1=" " ind2=" ">
    <subfield code="a">Cuarta edici&#xF3;n</subfield>
  </datafield>
  <datafield tag="260" ind1=" " ind2=" ">
    <subfield code="a">Valencia :</subfield>
    <subfield code="b">Tirant lo Blanch, </subfield>
    <subfield code="c">2023</subfield>
  </datafield>
  <datafield tag="300" ind1=" " ind2=" ">
    <subfield code="a">670 p&#xE1;ginas</subfield>
  </datafield>
  <datafield tag="490" ind1=" " ind2=" ">
    <subfield code="a"> Tirant lo Blanch. Manuales</subfield>
  </datafield>
  <datafield tag="505" ind1=" " ind2=" ">
    <subfield code="a">PARTE PRIMERA. EL ORDENAMIENTO JUR&#xCD;DICO INTERNACIONAL |
Lecci&#xF3;n 1. COMUNIDAD INTERNACIONAL Y DERECHO INTERNACIONAL |
PARTE SEGUNDA. LA CREACI&#xD3;N DEL DERECHO INTERNACIONAL |
Lecci&#xF3;n 2 LAS FUENTES DEL DERECHO INTERNACIONAL |
Lecci&#xF3;n 3. LOS TRATADOS INTERNACIONALES |
PARTE TERCERA. LOS SUJETOS DEL DERECHO INTERNACIONAL |
Lecci&#xF3;n 4. LA PERSONALIDAD INTERNACIONAL |
Lecci&#xF3;n 5. EL ESTADO COMO SUJETO DEL DERECHO INTERNACIONAL |
Lecci&#xF3;n 6. LOS &#xD3;RGANOS ESTATALES DE LAS RELACIONES INTERNACIONALES |
Lecci&#xF3;n 7. LA ORGANIZACI&#xD3;N DE LAS NACIONES UNIDAS (ONU) |
PARTE CUARTA. LA REGULACI&#xD3;N INTERNACIONAL DE LAS COMPETENCIAS DEL ESTADO |
Lecci&#xF3;n 8. LAS COMPETENCIAS DEL ESTADO SOBRE EL TERRITORIO |
Lecci&#xF3;n 9. LAS COMPETENCIAS DEL ESTADO SOBRE LOS ESPACIOS MARINOS Y SOBRE EL ESPACIO A&#xC9;REO |
Lecci&#xF3;n 10. COMPETENCIAS DE LOS ESTADOS SOBRE OTROS ESPACIOS NO SUJETOS A LA SOBERANIA |
Lecci&#xF3;n 11. LAS COMPETENCIAS DEL ESTADO SOBRE LAS PERSONAS |
PARTE QUINTA. OTRAS FUNCIONES FUNDAMENTALES DEL DERECHO INTERNACIONAL |
Lecci&#xF3;n 12. EL MANTENIMIENTO DE LA PAZ Y DE LA SEGURIDAD INTERNACIONALES |
Lecci&#xF3;n 13. LA PROTECCI&#xD3;N INTERNACIONAL DE LOS DERECHOS HUMANOS |
Lecci&#xF3;n 14. LA PROTECCI&#xD3;N INTERNACIONAL DEL MEDIO AMBIENTE |
PARTE SEXTA. LA APLICACI&#xD3;N DEL DERECHO INTERNACIONAL |
Lecci&#xF3;n 15. LA APLICACI&#xD3;N DEL DERECHO INTERNACIONAL EN EL DERECHO INTERNO |
Lecci&#xF3;n 16. LA RESPONSABILIDAD INTERNACIONAL |
Lecci&#xF3;n 17. LOS MECANISMOS PARA ASEGURAR LA APLICACION DEL DERECHO INTERNACIONAL |
Lecci&#xF3;n 18. EL ARREGLO PAC&#xCD;FICO DE CONTROVERSIAS INTERNACIONALES: LOS MEDIOS DE SOLUCI&#xD3;N POL&#xCD;TICOS |
Lecci&#xF3;n 19. EL ARREGLO PAC&#xCD;FICO DE LAS CONTROVERSIAS INTERNACIONALES: LOS MEDIOS DE SOLUCI&#xD3;N JURISDICCIONAL |
</subfield>
  </datafield>
  <datafield tag="650" ind1=" " ind2="7">
    <subfield code="2">lemb</subfield>
    <subfield code="a">Derecho internacional p&#xFA;blico</subfield>
  </datafield>
  <datafield tag="700" ind1=" " ind2=" ">
    <subfield code="a">Castillo Daud&#xED;, Mireya</subfield>
    <subfield code="9">199470</subfield>
    <subfield code="e">autor</subfield>
  </datafield>
  <datafield tag="700" ind1=" " ind2=" ">
    <subfield code="a">Bou Franch, Valent&#xED;n</subfield>
    <subfield code="9">199471</subfield>
    <subfield code="e">autor</subfield>
  </datafield>
  <datafield tag="942" ind1=" " ind2=" ">
    <subfield code="2">ddc</subfield>
    <subfield code="c">BK</subfield>
  </datafield>
  <datafield tag="999" ind1=" " ind2=" ">
    <subfield code="c">114119</subfield>
    <subfield code="d">114119</subfield>
  </datafield>
  <datafield tag="952" ind1=" " ind2=" ">
    <subfield code="0">0</subfield>
    <subfield code="1">0</subfield>
    <subfield code="2">ddc</subfield>
    <subfield code="7">0</subfield>
    <subfield code="8">GEN</subfield>
    <subfield code="a">Principal</subfield>
    <subfield code="c">NEW</subfield>
    <subfield code="d">2025-10-02</subfield>
    <subfield code="l">0</subfield>
    <subfield code="o">341.6 J96L 2023</subfield>
    <subfield code="p">251043</subfield>
    <subfield code="r">2025-10-02 10:16:18</subfield>
    <subfield code="t">Ej. 1</subfield>
    <subfield code="w">2025-10-02</subfield>
    <subfield code="y">BK</subfield>
  </datafield>
</record>
